000
00297nam a2200133Ia 4500
008
260604s9999 xx 000 0 und d
020
_a
9788197349492
082
_a
808.3 DIC
100
_a
Dickens
_9
35428
245
0
_a
A Christmast Carol
260
_b
BLUEONE
500
_a
Christmas
942
_c
BK
999
_c
8243
_d
8243